00506nam a2200133 a 450000100100000000500170001000800410002704000250006808200150009311101010010824500940020926000350030330000340033800002993220200930055922.0110427s1968 dr ac 000 0 spa d aDO-SdBNPbspacBNPHU axxxbP796a1 aPonencias del semanario de desarrollo, población y familia.d1968 dic. 4, 5 y 6cSanto Domingo10aArzobispado de Santo Domingo y centro latinoaméricano de población y familia (CELAP). aSanto Domingo :b[s.n],c1968. a214 p. :bil, retr. ;c24 cm.